| 000 | 00284 a2200109 4500 | ||
|---|---|---|---|
| 001 | 72006 | ||
| 082 | _a512.13AN | ||
| 090 |
_c38803 _d38803 |
||
| 100 | _aSana Ullah Bhatti | ||
| 245 |
_aAlgebra & Trigonometry (1st Edition) _bMathematics-II _hEnglish |
||
| 260 |
_aLahore _b2005 _cPunjab Text Book Board |
||
| 300 | _a426p | ||
| 999 |
_c307079 _d307079 |
||